Ranking WTA - Top50 Lipiec 2020 - Statystyki

Ogólne statystyki
  • Ten quiz został rozwiązany 45 razy
  • Średni wynik to 24 z 50
Statystyki odpowiedzi
Pozycja Narodowść Nazwisko % Poprawnych
2 Rumunia Simona Halep
95%
10 Japonia Naomi Osaka
87%
9 Stany Zjednoczone Serena Williams
87%
12 Czechy Petra Kvitova
79%
1 Australia Ashleigh Barty
77%
49 Polska Iga Swiatek
74%
21 Niemcy Angelique Kerber
72%
11 Białoruś Aryna Sabalenka
72%
5 Ukraina Elina Svitolina
72%
14 WIelka Brytania Johanna Konta
69%
3 Czechy Karolina Pliskova
69%
8 Szwajcaria Belinda Bencic
64%
16 Hiszpania Garbiñe Muguruza
64%
20 Grecja Maria Sakkari
64%
22 Estonia Anett Kontaveit
62%
36 Polska Magda Linette
62%
41 Łotwa Jelena Ostapenko
59%
7 Holandia Kiki Bertens
59%
13 Stany Zjednoczone Madison Keys
59%
4 Stany Zjednoczone Sofia Kenin
59%
35 Chiny Shuai Zhang
56%
17 Kazachstan Elena Rybakina
54%
39 Tunezja Ons Jabeur
54%
23 Belgia Elise Mertens
51%
43 Łotwa Anastasija Sevastova
49%
24 Chorwacja Donna Vekic
49%
15 Chorwacja Petra Martic
49%
34 Chiny Saisai Zheng
49%
29 Chiny Qiang Wang
46%
6 Kanada Bianca Andreescu
44%
46 Francja Caroline Garcia
44%
37 Stany Zjednoczone Sloane Stephens
44%
42 Francja Kristina Mladenovic
33%
18 Czechy Marketa Vondrousova
33%
26 Czechy Karolina Muchova
31%
30 Rosja Anastasia Pavlyuchenkova
28%
31 Czechy Barbora Strycova
28%
25 Ukraina Dayana Yastremska
28%
45 Słowenia Polona Hercog
28%
44 Szwecja Rebecca Peterson
28%
33 Kazachstan Yulia Putintseva
28%
48 Stany Zjednoczone Jennifer Brady
26%
19 Stany Zjednoczone Alison Riske
23%
28 Stany Zjednoczone Amanda Anisimova
21%
38 Niemcy Julia Goerges
18%
40 Rosja Veronika Kudermetova
18%
27 Rosja Ekaterina Alexandrova
15%
50 WIelka Brytania Heather Watson
15%
32 Rosja Svetlana Kuznetsova
15%
47 Czechy Marie Bouzkova
13%
Nie znaleziono quizów pasujących do podanych kryteriów
Rozkład punktacji
Procent ludzi z każdym wynikiem
Percentyl według liczby udzielonych odpowiedzi
Twoja historia wyników
Nie rozwiązałeś tego quizu